000 00276nam a2200121Ia 4500
008 190216s9999||||xx |||||||||||||| ||und||
100 _aThikkurissi K V
245 0 _aOru Valmeeki Koode
260 _bCurrent Books
_c1965
300 _a81p
650 _aKavithkal
942 _cBK
999 _c23610
_d23610